Statistics for Cars by Country Quiz

Click here to take the quiz!

General Stats

  • This quiz has been taken 98,448 times
    (68,457 since last reset)
  • The average score is 23 of 30

Answer Stats

Marque Country % Correct
ToyotaJapan
99%
FordUnited States
97%
BMWGermany
97%
LamborghiniItaly
95%
HondaJapan
94%
SuzukiJapan
94%
ChevroletUnited States
93%
VolkswagenGermany
91%
FerrariItaly
91%
FiatItaly
88%
Rolls-RoyceUnited Kingdom
87%
PorscheGermany
87%
NissanJapan
86%
HyundaiSouth Korea
86%
ChryslerUnited States
86%
Alfa RomeoItaly
83%
Aston MartinUnited Kingdom
82%
MazdaJapan
81%
PeugeotFrance
80%
VolvoSweden
79%
TeslaUnited States
78%
KiaSouth Korea
77%
CitroënFrance
75%
LadaRussia
53%
TataIndia
46%
SeatSpain
46%
ŠkodaCzech Republic
43%
HoldenAustralia
39%
GeelyChina
33%
DaciaRomania
31%

Score Distribution

Percentile by Number Answered

Percent of People with Each Score

Your Score History

You have not taken this quiz since the last reset